000 00987nam a22002417a 4500
999 _c65910
_d65910
005 20240530110849.0
008 200912s2019 ua a f b 000 0dara d
017 _a2018/21322
_bمصر. دار الكتب
020 _a9789777801393
040 _aEG-CaGPL
_cEG-CaGPL
082 0 4 _221
_a746.92\
_bى ت
100 0 _aيسرى معوض عيسى
245 1 0 _aتصميم الازياء التطبيقى :
_bافكار وتجارب تصميمية - اتجاهات الموضة المستقبلية /
_cاعداد يسرى معوض عيسى ، ايناس لافى الشريعان
250 _aط.1
260 _aالقاهرة :
_bعالم الكتب،
_c2019
300 _a240 ص. ؛
_c28 سم.
504 _aيشتمل على ارجاعات ببليوجرافية
650 0 7 _aتصميم الازياء
_2qrmak
651 _2qrmak
700 0 _aايناس لافى الشريعان
_eمعد مشارك
942 _2ddc
_cBK